[Event "CMA Futurity IV"]
[Site "Toronto CAN"]
[Date "2003.07.27"]
[Round "5"]
[White "Arencibia, Walter"]
[Black "Zugic, Igor"]
[Result "1/2-1/2"]
[WhiteElo "2522"]
[BlackElo "2455"]
[PlyCount "21"]
[EventDate "2003.07.25"]
[EventType "schev"]
[EventRounds "10"]
[EventCountry "CAN"]
[Source "Mark Crowther"]
[SourceDate "2003.07.28"]

1. e4 e6 2. d4 d5 3. exd5 exd5 4. Nf3 Bd6 5. c4 c6 6. cxd5 cxd5 7. Nc3 Ne7 8.
Bd3 Bg4 9. O-O Nbc6 10. Be3 h6 11. Re1 1/2-1/2

[Event "CMA Futurity IV"]
[Site "Toronto CAN"]
[Date "2003.07.29"]
[Round "7"]
[White "Milicevic, Goran"]
[Black "Zugic, Igor"]
[Result "0-1"]
[WhiteElo "2348"]
[BlackElo "2455"]
[PlyCount "58"]
[EventDate "2003.07.25"]
[EventType "schev"]
[EventRounds "10"]
[EventCountry "CAN"]

1. e4 Nf6 2. Nc3 d5 3. e5 Ne4 4. Nce2 d4 5. c3 dxc3 6. Qa4+ Nd7 7. Nxc3 Nec5 8.
Qf4 Ne6 9. Qe3 Nb6 10. f4 Nd4 11. Bd3 Nc4 12. Qf2 Bf5 13. Bxf5 Nxf5 14. Nf3 e6
15. O-O Qd3 16. b3 Nb6 17. Kh1 Be7 18. Bb2 O-O 19. Rac1 a5 20. Ne1 Qd7 21. Nc2
Rfd8 22. Ne4 Nd5 23. Ng3 Bh4 24. a3 a4 25. b4 Nde7 26. Qf3 Bxg3 27. hxg3 Qd3
28. Kh2 Qxf3 29. Rxf3 Rxd2 0-1

[Event "CMA Futurity IV"]
[Site "Toronto CAN"]
[Date "2003.07.30"]
[Round "8"]
[White "Zugic, Igor"]
[Black "Bellon Lopez, Juan Manuel"]
[Result "1/2-1/2"]
[WhiteElo "2455"]
[BlackElo "2423"]
[PlyCount "21"]
[EventDate "2003.07.25"]
[EventType "schev"]
[EventRounds "10"]
[EventCountry "CAN"]

1. d4 Nf6 2. c4 c5 3. Nf3 cxd4 4. Nxd4 e5 5. Nb5 d5 6. cxd5 Qa5+ 7. N5c3 b5 8.
Nd2 b4 9. Qa4+ Qxa4 10. Nxa4 Nxd5 11. e4 1/2-1/2

[Event "CMA Futurity IV"]
[Site "Toronto CAN"]
[Date "2003.07.31"]
[Round "9"]
[White "Cramling, Pia"]
[Black "Zugic, Igor"]
[Result "1/2-1/2"]
[WhiteElo "2488"]
[BlackElo "2455"]
[PlyCount "24"]
[EventDate "2003.07.25"]
[EventType "schev"]
[EventRounds "10"]
[EventCountry "CAN"]

1. d4 d5 2. Nf3 c6 3. c4 Nf6 4. Nc3 a6 5. cxd5 cxd5 6. Bf4 Nc6 7. e3 Bg4 8. Be2
e6 9. O-O Bd6 10. Bxd6 Qxd6 11. Nd2 Bxe2 12. Qxe2 O-O 1/2-1/2

[Event "CMA Futurity IV"]
[Site "Toronto CAN"]
[Date "2003.08.01"]
[Round "10"]
[White "Zugic, Igor"]
[Black "Arencibia, Walter"]
[Result "1/2-1/2"]
[WhiteElo "2455"]
[BlackElo "2522"]
[PlyCount "22"]
[EventDate "2003.07.25"]
[EventType "schev"]
[EventRounds "10"]
[EventCountry "CAN"]

1. d4 d5 2. c4 e6 3. Nc3 Nf6 4. cxd5 exd5 5. Bg5 c6 6. e3 Nbd7 7. Bd3 Be7 8.
Qc2 O-O 9. Nf3 Re8 10. O-O Nf8 11. a3 Be6 1/2-1/2

[Event "World op"]
[Site "Philadelphia USA"]
[Date "2002.06.29"]
[Round "1"]
[White "Zugic, Igor"]
[Black "De Fotis, Gary"]
[Result "1-0"]
[WhiteElo "2450"]
[BlackElo "2196"]
[PlyCount "91"]
[EventDate "2002.06.29"]
[EventType "swiss"]
[EventRounds "9"]
[EventCountry "USA"]
[Source "Mark Crowther"]
[SourceDate "2002.07.15"]

1. d4 Nf6 2. c4 e6 3. Nf3 b6 4. g3 Bb7 5. Bg2 Be7 6. O-O O-O 7. Nc3 Ne4 8. Qc2
Nxc3 9. Qxc3 f5 10. b3 Bf6 11. Bb2 a5 12. Rfd1 Na6 13. Qd2 Qe8 14. a3 d6 15. b4
Qa4 16. b5 Nb8 17. Rac1 Be4 18. Ne1 Bxg2 19. Nxg2 Nd7 20. Nf4 Rae8 21. d5 Bxb2
22. Qxb2 Nc5 23. Nxe6 Nxe6 24. dxe6 Rxe6 25. Rd4 Re4 26. Rcd1 c5 27. bxc6 Qxc6
28. e3 Rxd4 29. Qxd4 Rd8 30. Rb1 Rb8 31. Rb5 g6 32. h4 Rc8 33. Rxb6 Qxc4 34.
Qxd6 Qe4 35. Rb8 Rxb8 36. Qxb8+ Kg7 37. Qc7+ Kh6 38. Kh2 a4 39. Qf4+ Qxf4 40.
gxf4 Kg7 41. f3 Kf6 42. e4 Ke6 43. Kg3 h5 44. Kf2 Kd6 45. Ke3 Kc5 46. Kd3 1-0

[Event "World op"]
[Site "Philadelphia USA"]
[Date "2002.06.30"]
[Round "2"]
[White "Chernin, Oliver"]
[Black "Zugic, Igor"]
[Result "0-1"]
[WhiteElo "2221"]
[BlackElo "2450"]
[PlyCount "140"]
[EventDate "2002.06.29"]
[EventType "swiss"]
[EventRounds "9"]
[EventCountry "USA"]
[Source "Mark Crowther"]
[SourceDate "2002.07.15"]

1. c4 e5 2. Nc3 Nf6 3. Nf3 Nc6 4. e3 Bb4 5. Qc2 Bxc3 6. Qxc3 e4 7. Ne5 O-O 8.
d4 Ne7 9. c5 d6 10. Nc4 Ned5 11. Qa3 dxc5 12. Qxc5 c6 13. Be2 Nd7 14. Qd6 N7b6
15. Qxd8 Rxd8 16. Bd2 Nxc4 17. Bxc4 Be6 18. Bxd5 Bxd5 19. a3 Bc4 20. Rc1 Bd3
21. f4 Rd5 22. Rc5 Rxc5 23. dxc5 b6 24. cxb6 axb6 25. g4 f6 26. h4 Kf7 27. Bc3
c5 28. Kf2 Rd8 29. Rd1 Rd5 30. Rd2 h5 31. g5 fxg5 32. hxg5 g6 33. Be5 Rd7 34.
Kg3 Ke6 35. Bc3 Kf5 36. Be5 Rb7 37. Rd1 Ke6 38. Rd2 b5 39. Bc3 b4 40. axb4 cxb4
41. Bd4 Rc7 42. Rf2 Kf5 43. Be5 Rc1 44. Bd6 b3 45. Be5 Rc2 46. Rh2 Bf1 47. Rh1
Rg2+ 48. Kh3 Rf2+ 49. Kh4 Rf3 50. Bd4 Ke6 51. Rh2 Kd5 52. Bb6 Kc4 53. Ba7 Kb5
54. Bd4 Bc4 55. Rh3 Rf1 56. Kg3 Be6 57. Rh2 Rf3+ 58. Kg2 Kc4 59. Kg1 Kd3 60.
Rf2 Rg3+ 61. Kh2 Rxe3 62. Bxe3 Kxe3 63. Kg1 Bf5 64. Kf1 h4 65. Ke1 h3 66. Kf1
Kd3 67. Re2 e3 68. Re1 h2 69. Kg2 Kd2 70. Ra1 h1=Q+ 0-1

[Event "World op"]
[Site "Philadelphia USA"]
[Date "2002.07.01"]
[Round "3"]
[White "Zugic, Igor"]
[Black "Muhammad, Stephen"]
[Result "1/2-1/2"]
[WhiteElo "2450"]
[BlackElo "2329"]
[PlyCount "45"]
[EventDate "2002.06.29"]
[EventType "swiss"]
[EventRounds "9"]
[EventCountry "USA"]
[Source "Mark Crowther"]
[SourceDate "2002.07.15"]

1. d4 Nf6 2. c4 g6 3. Nf3 Bg7 4. g3 O-O 5. Bg2 d6 6. O-O Nc6 7. d5 Na5 8. Nfd2
c5 9. Nc3 a6 10. Qc2 Rb8 11. b3 b5 12. Bb2 Bh6 13. cxb5 axb5 14. e4 Bg7 15. Nd1
Bb7 16. Ne3 Qb6 17. a3 Rfc8 18. Bh3 Rc7 19. Rfc1 Bc8 20. Bf1 Nb7 21. Bc3 Bd7
22. Qb2 Rcc8 23. h3 1/2-1/2

[Event "World op"]
[Site "Philadelphia USA"]
[Date "2002.07.02"]
[Round "4"]
[White "Ardaman, Miles"]
[Black "Zugic, Igor"]
[Result "0-1"]
[WhiteElo "2332"]
[BlackElo "2450"]
[PlyCount "76"]
[EventDate "2002.06.29"]
[EventType "swiss"]
[EventRounds "9"]
[EventCountry "USA"]
[Source "Mark Crowther"]
[SourceDate "2002.07.15"]

1. Nc3 c5 2. e4 Nc6 3. g3 g6 4. Bg2 Bg7 5. d3 d6 6. Nge2 e5 7. a3 Nge7 8. b4
O-O 9. Rb1 b6 10. O-O Be6 11. Bg5 f6 12. Be3 Nd4 13. Qd2 Qd7 14. f4 Rac8 15.
bxc5 dxc5 16. a4 c4 17. Bxd4 exd4 18. Nb5 c3 19. Qe1 Nc6 20. Qf2 Rfd8 21. f5
Ba2 22. Ra1 Bf7 23. fxg6 hxg6 24. Nf4 Rb8 25. Bh3 Qe7 26. Rae1 Bh6 27. Nd5 Bxd5
28. exd5 Be3 29. dxc6 Bxf2+ 30. Kxf2 Qb4 31. Be6+ Kg7 32. Bb3 Rbc8 33. Re6 a6
34. c7 Rd7 35. Kg2 f5 36. Na7 Rcxc7 37. Nc6 Qf8 38. Rfe1 Qa8 0-1

[Event "World op"]
[Site "Philadelphia USA"]
[Date "2002.07.03"]
[Round "5"]
[White "Zugic, Igor"]
[Black "Jussupow (Yusupov), Artur"]
[Result "1/2-1/2"]
[WhiteElo "2450"]
[BlackElo "2618"]
[PlyCount "139"]
[EventDate "2002.06.29"]
[EventType "swiss"]
[EventRounds "9"]
[EventCountry "USA"]
[Source "Mark Crowther"]
[SourceDate "2002.07.15"]

1. d4 e6 2. c4 f5 3. Nf3 Nf6 4. g3 d5 5. Bg2 c6 6. O-O Bd6 7. Qc2 O-O 8. b3 Qe7
9. Nbd2 Nbd7 10. Bb2 Ne4 11. e3 g5 12. Ne1 g4 13. Nd3 Ndf6 14. Nf4 Bd7 15. Nxe4
fxe4 16. a4 Rf7 17. Qc1 Qe8 18. Ba3 Bc7 19. Rd1 Rg7 20. Kf1 h5 21. Ke2 h4 22.
Bb4 Rd8 23. c5 Nh7 24. Bc3 Ng5 25. gxh4 Nf3 26. Bxf3 gxf3+ 27. Kd2 Bxf4 28.
exf4 Qh5 29. Kc2 Rg2 30. Rf1 Qxh4 31. Qe1 Qf6 32. Qe3 Kf7 33. Bd2 Rh8 34. Qc3
Rhxh2 35. Be3 Qh4 36. Qd2 Bc8 37. a5 Kg6 38. b4 Kf5 39. Kc3 Qh8 40. Kb3 Qh4 41.
Kc2 a6 42. Kc3 Bd7 43. Rac1 Be8 44. Rcd1 Bh5 45. Rc1 Bg4 46. Rcd1 Bh3 47. Rc1
Rg4 48. Rh1 Bg2 49. Rxh2 Qxh2 50. Re1 Qh3 51. Qc1 Qh4 52. Qd2 Rxf4 53. Kb2 Rg4
54. Rd1 Qh3 55. Qc1 Qh8 56. Qc3 Rh4 57. Qc1 Qh5 58. Kc3 e5 59. dxe5 Ke6 60. Kb2
Qxe5+ 61. Qc3 Rh5 62. Qxe5+ Rxe5 63. Kc3 d4+ 64. Rxd4 Bf1 65. Bf4 Rd5 66. Rxd5
cxd5 67. Bg3 Kd7 68. Bf4 Kc6 69. Be3 Kb5 70. Bd4 1/2-1/2

[Event "World op"]
[Site "Philadelphia USA"]
[Date "2002.07.04"]
[Round "6"]
[White "Kreiman, Boris"]
[Black "Zugic, Igor"]
[Result "1-0"]
[WhiteElo "2515"]
[BlackElo "2450"]
[PlyCount "73"]
[EventDate "2002.06.29"]
[EventType "swiss"]
[EventRounds "9"]
[EventCountry "USA"]
[Source "Mark Crowther"]
[SourceDate "2002.07.15"]

1. e4 c5 2. Nf3 e6 3. d4 cxd4 4. Nxd4 Nf6 5. Nc3 d6 6. Be3 a6 7. f3 b5 8. Qd2
Nbd7 9. O-O-O Nb6 10. Qf2 Nfd7 11. Kb1 Bb7 12. g4 Rc8 13. Nde2 Qc7 14. Ng3 Nc5
15. b3 e5 16. Bxb5+ axb5 17. Nxb5 Qc6 18. Na7 Qc7 19. Nf5 d5 20. Nxc8 Qxc8 21.
Nxg7+ Bxg7 22. Bxc5 Nd7 23. Bb4 dxe4 24. fxe4 Bxe4 25. Rhe1 Bg6 26. Rd2 Qb7 27.
a3 Bf8 28. Red1 Bxb4 29. Rxd7 Qxd7 30. Rxd7 Kxd7 31. Qa7+ Kd6 32. axb4 Rc8 33.
Qa6+ Kd7 34. Qb7+ Rc7 35. Qd5+ Kc8 36. Qxe5 Rxc2 37. Ka1 1-0

[Event "World op"]
[Site "Philadelphia USA"]
[Date "2002.07.06"]
[Round "8"]
[White "Lymar, Vladimir"]
[Black "Zugic, Igor"]
[Result "1/2-1/2"]
[WhiteElo "2290"]
[BlackElo "2450"]
[PlyCount "63"]
[EventDate "2002.06.29"]
[EventType "swiss"]
[EventRounds "9"]
[EventCountry "USA"]
[Source "Mark Crowther"]
[SourceDate "2002.07.15"]

1. d4 Nf6 2. Nf3 g6 3. c4 Bg7 4. g3 O-O 5. Bg2 d5 6. O-O dxc4 7. Na3 c6 8. Nxc4
Be6 9. Nce5 Bd5 10. Re1 Na6 11. Bf4 Nc7 12. Be3 Ne6 13. Bh3 Qa5 14. Qd2 Qxd2
15. Bxd2 Rfd8 16. Bxe6 Bxe6 17. e4 Nd7 18. Bc3 Nxe5 19. Nxe5 Bxe5 20. dxe5 Rd3
21. Red1 Rad8 22. Rxd3 Rxd3 23. a3 Kf8 24. f4 Ke8 25. Kf2 c5 26. Re1 b6 27. Re3
Rd7 28. Re2 Bc4 29. Rd2 Bd3 30. Ke3 c4 31. g4 Kd8 32. f5 1/2-1/2

[Event "Smartchess Int. II"]
[Site "New York USA"]
[Date "2001.10.07"]
[Round "1"]
[White "Zugic, Igor"]
[Black "Shahade, Gregory"]
[Result "1-0"]
[WhiteElo "2440"]
[BlackElo "2455"]
[PlyCount "63"]
[EventDate "2001.10.07"]
[EventType "tourn"]
[EventRounds "9"]
[EventCountry "USA"]
[EventCategory "9"]
[Source "Mark Crowther"]
[SourceDate "2001.10.08"]

1. c4 c5 2. Nf3 Nc6 3. Nc3 e5 4. d3 g6 5. g3 Bg7 6. h4 Nge7 7. h5 d5 8. Bg5 h6
9. Bxe7 Nxe7 10. hxg6 fxg6 11. cxd5 Nxd5 12. Nxd5 Qxd5 13. Bg2 e4 14. Nh4 Bxb2
15. Bxe4 Qe6 16. Nxg6 Bxa1 17. Qxa1 Rg8 18. Rh5 Rxg6 19. Re5 Kd8 20. Rxe6 Rxe6
21. Qc3 Bd7 22. Bxb7 Rb8 23. Bd5 Rb1+ 24. Kd2 Reb6 25. Qxc5 R1b2+ 26. Ke3 R2b5
27. Qf8+ Kc7 28. Qf4+ Kd8 29. Bc4 Rf5 30. Qd4 Kc7 31. f4 h5 32. Kd2 1-0

[Event "Smartchess Int. II"]
[Site "New York USA"]
[Date "2001.10.08"]
[Round "2"]
[White "Perelshteyn, Eugene"]
[Black "Zugic, Igor"]
[Result "1/2-1/2"]
[WhiteElo "2432"]
[BlackElo "2435"]
[PlyCount "39"]
[EventDate "2001.10.07"]
[EventType "tourn"]
[EventRounds "9"]
[EventCountry "USA"]
[EventCategory "9"]
[Source "Mark Crowther"]
[SourceDate "2001.10.15"]

1. e4 e5 2. Nf3 Nc6 3. Bb5 a6 4. Ba4 Nf6 5. Qe2 b5 6. Bb3 Be7 7. d4 d6 8. dxe5
Nxe5 9. Nxe5 dxe5 10. O-O Bb7 11. Rd1 Qb8 12. Bg5 O-O 13. a4 c6 14. Nd2 Qc7 15.
c4 b4 16. c5 a5 17. Bxf6 Bxf6 18. Qe3 Rad8 19. Nc4 Be7 20. h3 1/2-1/2

[Event "Smartchess Int. II"]
[Site "New York USA"]
[Date "2001.10.11"]
[Round "5"]
[White "Zugic, Igor"]
[Black "Cela, Altin"]
[Result "1/2-1/2"]
[WhiteElo "2435"]
[BlackElo "2483"]
[PlyCount "57"]
[EventDate "2001.10.07"]
[EventType "tourn"]
[EventRounds "9"]
[EventCountry "USA"]
[EventCategory "9"]
[Source "Mark Crowther"]
[SourceDate "2001.10.15"]

1. d4 Nf6 2. c4 g6 3. Nf3 Bg7 4. Nc3 O-O 5. g3 d6 6. Bg2 Nc6 7. O-O Bf5 8. b3
e5 9. d5 Ne7 10. Bb2 h6 11. Ne1 Rc8 12. e4 Bg4 13. Qd2 Qd7 14. Nd3 Rce8 15. f4
exf4 16. gxf4 Nh7 17. e5 g5 18. fxg5 Nxg5 19. Ne4 Nxe4 20. Bxe4 dxe5 21. Bxe5
Ng6 22. Bxg7 Kxg7 23. Rae1 f5 24. Bg2 b6 25. h3 Bh5 26. Nf4 Nxf4 27. Qxf4 Rxe1
28. Rxe1 Qd6 29. Qxd6 1/2-1/2

[Event "Olympiad"]
[Site "Istanbul TUR"]
[Date "2000.10.29"]
[Round "2"]
[White "Kacheishvili, Giorgi"]
[Black "Zugic, Igor"]
[Result "0-1"]
[WhiteElo "2564"]
[BlackElo "2399"]
[PlyCount "122"]
[EventDate "2000.10.28"]
[EventType "team"]
[EventRounds "14"]
[EventCountry "TUR"]
[Source "Mark Crowther"]
[SourceDate "2000.11.13"]

1. Nf3 Nf6 2. g3 d5 3. Bg2 c6 4. O-O Bf5 5. d3 e6 6. Nbd2 h6 7. b3 Be7 8. Bb2
O-O 9. Ne5 a5 10. e4 Bh7 11. a3 Nbd7 12. Nxd7 Nxd7 13. Qe2 Re8 14. Kh1 Nf8 15.
f4 f6 16. Nf3 Bg6 17. Qe3 Bf7 18. g4 c5 19. a4 d4 20. Qf2 Nd7 21. g5 hxg5 22.
fxg5 Rf8 23. Qg3 fxg5 24. Bc1 Qb8 25. Nxg5 Qxg3 26. hxg3 Rae8 27. Bh3 Bxg5 28.
Bxg5 Bh5 29. Rxf8+ Nxf8 30. Rf1 b6 31. Kg2 Bf7 32. Bf4 e5 33. Bg5 Nh7 34. Bd7
Nxg5 35. Bxe8 Bxe8 36. g4 Bd7 37. Kg3 Be6 38. Kh4 Nf7 39. g5 Nd8 40. g6 Nc6 41.
Rf2 Nb4 42. Kg5 Na2 43. Rf3 Nc3 44. Rf1 Ne2 45. Rf2 Nf4 46. Rf1 Kf8 47. Rh1 Bh3
48. Kh4 Bg2 49. Rh2 Ke7 50. Kg5 Bh3 51. Rh1 Kd6 52. Rh2 c4 53. bxc4 Bd7 54. Rh1
Ne6+ 55. Kf5 Nc5+ 56. Kg5 Bxa4 57. Rb1 Kc7 58. Kf5 Bxc2 59. Rh1 Bxd3 60. Rh7
Bxc4 61. Rxg7+ Kd6 0-1

[Event "Olympiad"]
[Site "Istanbul TUR"]
[Date "2000.11.10"]
[Round "13"]
[White "Iuldachev, Saidali"]
[Black "Zugic, Igor"]
[Result "1/2-1/2"]
[WhiteElo "2515"]
[BlackElo "2399"]
[PlyCount "62"]
[EventDate "2000.10.28"]
[EventType "team"]
[EventRounds "14"]
[EventCountry "TUR"]
[Source "Mark Crowther"]
[SourceDate "2000.11.13"]

1. e4 Nf6 2. e5 Nd5 3. d4 d6 4. c4 Nb6 5. exd6 exd6 6. Nc3 Be7 7. h3 O-O 8. Nf3
Re8 9. Be3 Bf5 10. Rc1 c6 11. Be2 N8d7 12. O-O Nf8 13. b3 Bf6 14. Qd2 a5 15. a4
d5 16. cxd5 Nxd5 17. Nxd5 cxd5 18. Bf4 Ne6 19. Bb5 Rf8 20. Be5 Be7 21. Bd3 Be4
22. Qe3 Bxd3 23. Qxd3 Qd7 24. Rc2 Rac8 25. Rfc1 Rxc2 26. Rxc2 f6 27. Bg3 Bb4
28. Qf5 g6 29. Qd3 Kf7 30. Bh4 Re8 31. Qd1 Rc8 1/2-1/2

[Event "Olympiad"]
[Site "Istanbul TUR"]
[Date "2000.11.12"]
[Round "14"]
[White "Hassan, Sayed Barakat"]
[Black "Zugic, Igor"]
[Result "0-1"]
[WhiteElo "2365"]
[BlackElo "2399"]
[PlyCount "108"]
[EventDate "2000.10.28"]
[EventType "team"]
[EventRounds "14"]
[EventCountry "TUR"]
[Source "Mark Crowther"]
[SourceDate "2000.11.13"]

1. e4 Nf6 2. e5 Nd5 3. d4 d6 4. Nf3 dxe5 5. Nxe5 g6 6. Bc4 c6 7. h4 Nd7 8. Nf3
N7f6 9. Ne5 Bg7 10. c3 Be6 11. Be2 Nd7 12. Nd3 Bf5 13. Nd2 e5 14. dxe5 Bxd3 15.
Bxd3 Nxe5 16. Bc2 O-O 17. g3 f5 18. Nb3 Qe8 19. Qe2 f4 20. gxf4 Nxf4 21. Bxf4
Nf3+ 22. Kf1 Qxe2+ 23. Kxe2 Rxf4 24. h5 Re8+ 25. Kf1 g5 26. Rd1 b6 27. Nc1 c5
28. Ne2 Rf6 29. Ng3 c4 30. Be4 Ne5 31. Kg2 Bf8 32. Bd5+ Kg7 33. Rhe1 Re7 34.
Be4 Ref7 35. Re2 Bc5 36. h6+ Kf8 37. f3 g4 38. fxg4 Nxg4 39. Rd8+ Ke7 40. Ra8
Ne3+ 41. Rxe3 Bxe3 42. Bd5 Rf2+ 43. Kh3 R7f6 44. Rxa7+ Kd6 45. Ne4+ Kxd5 46.
Nxf2 Rxf2 47. Rxh7 Rf6 48. Kg4 Rxh6 49. Re7 Re6 50. Rd7+ Ke4 51. b3 Rg6+ 52.
Kh5 Rc6 53. b4 b5 54. Rb7 Rb6 0-1

[Event "Hartman Active RR"]
[Site "Ancaster CAN"]
[Date "2000.10.23"]
[Round "2"]
[White "Zugic, Igor"]
[Black "Day, Lawrence"]
[Result "1-0"]
[WhiteElo "2359"]
[BlackElo "2506"]
[PlyCount "65"]
[EventDate "2000.10.23"]
[EventType "tourn"]
[EventRounds "6"]
[EventCountry "CAN"]
[Source "CFC"]
[SourceDate "2000.12.??"]

1. e4 c5 2. Nf3 g6 3. c3 Bg7 4. d4 Qa5 5. Nbd2 cxd4 6. Nb3 Qd8 7. cxd4 Nf6 8.
e5 Nd5 9. h4 b6 10. h5 Bb7 11. Bd3 Nb4 12. Bb1 Bd5 13. a3 N4a6 14. Nbd2 Qc8 15.
Ne4 Qb7 16. Nc3 Bxf3 17. gxf3 d5 18. Nxd5 Nc6 19. Be4 Rd8 20. Be3 Qd7 21. Rc1
Nab8 22. Qc2 O-O 23. hxg6 hxg6 24. b4 Rc8 25. b5 Nxd4 26. Qxc8 Rxc8 27. Rxc8+
Bf8 28. Rxb8 Nf5 29. Bxf5 Qxd5 30. Be4 Qxe5 31. Rc8 g5 32. O-O f5 33. Rd1 1-0

[Event "Toronto int"]
[Site "Toronto CAN"]
[Date "2000.08.17"]
[Round "3"]
[White "Zugic, Igor"]
[Black "Dougherty, Michael"]
[Result "1-0"]
[WhiteElo "2453"]
[BlackElo "2298"]
[PlyCount "53"]
[EventDate "2000.08.16"]
[EventType "tourn"]
[EventRounds "9"]
[EventCountry "CAN"]

1. d4 d5 2. c4 e6 3. Nc3 Be7 4. Nf3 Nf6 5. Bg5 c6 6. Bxf6 Bxf6 7. e4 dxe4 8.
Nxe4 O-O 9. Qd2 Nd7 10. O-O-O Qe7 11. Bd3 Rd8 12. h4 b6 13. g4 g6 14. h5 Bg7
15. g5 c5 16. hxg6 hxg6 17. Rh4 Bb7 18. Qf4 Rac8 19. Qh2 Bxe4 20. Bxe4 Rf8 21.
Bb7 Rb8 22. Rh8+ Bxh8 23. Rh1 f5 24. Qxh8+ Kf7 25. Rh7+ Ke8 26. Rxe7+ Kxe7 27.
Qh1 1-0

[Event "Toronto int"]
[Site "Toronto CAN"]
[Date "2000.08.18"]
[Round "5"]
[White "Zugic, Igor"]
[Black "Mulyar, Michael"]
[Result "1/2-1/2"]
[WhiteElo "2453"]
[BlackElo "2419"]
[PlyCount "30"]
[EventDate "2000.08.16"]
[EventType "tourn"]
[EventRounds "9"]
[EventCountry "CAN"]

1. d4 Nf6 2. c4 e6 3. Nf3 b6 4. g3 Bb7 5. Bg2 Be7 6. O-O O-O 7. d5 exd5 8. Nh4
c6 9. cxd5 Nxd5 10. Nf5 Na6 11. e4 Ndc7 12. Nc3 d5 13. exd5 cxd5 14. Nxd5 Nxd5
15. Bxd5 Bxd5 1/2-1/2

[Event "Toronto int"]
[Site "Toronto CAN"]
[Date "2000.08.19"]
[Round "6"]
[White "Zugic, Igor"]
[Black "Stripunsky, Alexander"]
[Result "1/2-1/2"]
[WhiteElo "2453"]
[BlackElo "2492"]
[PlyCount "65"]
[EventDate "2000.08.16"]
[EventType "tourn"]
[EventRounds "9"]
[EventCountry "CAN"]

1. d4 d5 2. c4 c6 3. Nf3 Nf6 4. Nc3 e6 5. Bg5 h6 6. Bxf6 Qxf6 7. e3 Nd7 8. cxd5
exd5 9. Bd3 Qd8 10. Qc2 Be7 11. O-O-O Nf6 12. h3 Be6 13. Kb1 Qa5 14. Ne5 Nd7
15. Bf5 Nxe5 16. dxe5 Bxf5 17. Qxf5 O-O 18. g4 Qc7 19. f4 Qc8 20. Qc2 f6 21. e4
fxe5 22. exd5 exf4 23. d6 Bh4 24. Qb3+ Kh8 25. Ne4 Qe8 26. Nc5 f3 27. d7 Qg6+
28. Ka1 f2 29. Ne6 Rg8 30. Qc4 a5 31. Rhf1 a4 32. a3 b5 33. Qxc6 1/2-1/2

[Event "Toronto int"]
[Site "Toronto CAN"]
[Date "2000.08.19"]
[Round "7"]
[White "Nickoloff, Bryon"]
[Black "Zugic, Igor"]
[Result "1/2-1/2"]
[WhiteElo "2524"]
[BlackElo "2453"]
[PlyCount "54"]
[EventDate "2000.08.16"]
[EventType "tourn"]
[EventRounds "9"]
[EventCountry "CAN"]

1. c4 e5 2. Nc3 Nf6 3. Nf3 Nc6 4. e3 Bb4 5. Qc2 O-O 6. Nd5 Bd6 7. Ng5 g6 8.
Nxf6+ Qxf6 9. Ne4 Qg7 10. Nxd6 cxd6 11. b3 f5 12. Bb2 b6 13. d4 exd4 14. O-O-O
Bb7 15. exd4 Qh6+ 16. Qd2 Qxd2+ 17. Kxd2 d5 18. c5 Nd8 19. Re1 Bc6 20. cxb6
axb6 21. a4 Ne6 22. Be2 Rfb8 23. Ra1 b5 24. axb5 Rxa1 25. Rxa1 Bxb5 26. Bxb5
Rxb5 27. Kc3 Rb7 1/2-1/2

[Event "Toronto int"]
[Site "Toronto CAN"]
[Date "2000.08.20"]
[Round "9"]
[White "Zugic, Igor"]
[Black "Day, Lawrence"]
[Result "0-1"]
[WhiteElo "2453"]
[BlackElo "2459"]
[PlyCount "54"]
[EventDate "2000.08.16"]
[EventType "tourn"]
[EventRounds "9"]
[EventCountry "CAN"]

1. d4 d6 2. Nf3 Nf6 3. c4 Bf5 4. Nc3 h6 5. g3 c6 6. Bg2 Nbd7 7. O-O e6 8. Ne1
d5 9. cxd5 exd5 10. Nd3 Qb6 11. e3 Bd6 12. b3 Qa6 13. Nb2 O-O 14. Re1 Rfe8 15.
Bf1 Qa5 16. Bd2 Qd8 17. Nd3 Ne4 18. f3 Nxg3 19. hxg3 Bxg3 20. Qe2 Qh4 21. Qg2
Re6 22. Qh1 Rg6 23. Qxh4 Bxe1+ 24. Kh1 Bxh4 25. e4 dxe4 26. fxe4 Bg4 27. Bg2
Bg5 0-1

[Event "Jack Collins Int Final A"]
[Site "New York USA"]
[Date "2000.06.19"]
[Round "1"]
[White "Zugic, Igor"]
[Black "Stripunsky, Alexander"]
[Result "1-0"]
[WhiteElo "2396"]
[BlackElo "2512"]
[PlyCount "71"]
[EventDate "2000.06.19"]
[EventType "swiss"]
[EventRounds "4"]
[EventCountry "USA"]
[Source "Mark Crowther"]
[SourceDate "2000.06.26"]

1. d4 d5 2. c4 c6 3. Nf3 Nf6 4. Nc3 e6 5. cxd5 exd5 6. Bg5 h6 7. Bxf6 Qxf6 8.
Qb3 Bd6 9. e3 O-O 10. Bd3 Qe7 11. O-O-O Be6 12. Rhg1 Na6 13. g4 g6 14. Bxa6
bxa6 15. Qc2 Qf6 16. Qe2 Rab8 17. Nd2 c5 18. dxc5 Be5 19. Nb3 Bxc3 20. bxc3 d4
21. exd4 Bxb3 22. axb3 Rxb3 23. Kc2 Rb7 24. Rge1 Qc6 25. Qc4 Rfb8 26. d5 Rb2+
27. Kd3 Qf6 28. f4 Qh4 29. d6 Qf2 30. Qd5 Qc2+ 31. Kd4 Qf2+ 32. Re3 Re8 33. Qf3
Rd2+ 34. Kc4 Rxe3 35. Qxf2 Re4+ 36. Qd4 1-0

[Event "Jack Collins Int Gp A"]
[Site "New York USA"]
[Date "2000.06.16"]
[Round "4"]
[White "Zugic, Igor"]
[Black "Young, Angelo"]
[Result "1-0"]
[WhiteElo "2396"]
[BlackElo "2441"]
[PlyCount "105"]
[EventDate "2000.06.12"]
[EventType "tourn"]
[EventRounds "5"]
[EventCountry "USA"]
[Source "Mark Crowther"]
[SourceDate "2000.06.26"]

1. d4 e6 2. c4 Nf6 3. Nf3 d5 4. Nc3 c6 5. cxd5 exd5 6. Bg5 Nbd7 7. Qc2 Bd6 8.
e3 O-O 9. Bd3 h6 10. Bh4 Re8 11. O-O-O Qa5 12. Kb1 b5 13. g4 b4 14. Ne2 Ne4 15.
Qxc6 Rb8 16. Bxe4 dxe4 17. Nd2 Qb6 18. Qc2 Ba6 19. Nc4 b3 20. axb3 Bxc4 21.
Qxc4 Qxb3 22. Qxb3 Rxb3 23. Rd2 Nb6 24. Rc2 Rb8 25. Nc1 Rb5 26. Bg3 Bxg3 27.
hxg3 Nd5 28. Na2 a5 29. Kc1 a4 30. Rh5 g5 31. Rxh6 a3 32. Rhc6 axb2+ 33. Kb1
Rb3 34. Rc8+ Kg7 35. Rxb8 Rxb8 36. Rxb2 Rh8 37. Rb5 Nf6 38. Rxg5+ Kh6 39. Rf5
Kg6 40. Nc3 Nxg4 41. Rf4 f5 42. Nxe4 Rh2 43. Kc1 Rh1+ 44. Kd2 Rb1 45. Nd6 Rb2+
46. Ke1 Rb1+ 47. Ke2 Rb2+ 48. Kf1 Nh6 49. Nc4 Ra2 50. Ne5+ Kg5 51. Kg2 Ra5 52.
Rh4 Ra2 53. d5 1-0

[Event "Jack Collins Int Gp A"]
[Site "New York USA"]
[Date "2000.06.17"]
[Round "5"]
[White "Lapshun, Yury"]
[Black "Zugic, Igor"]
[Result "1/2-1/2"]
[WhiteElo "2429"]
[BlackElo "2396"]
[PlyCount "22"]
[EventDate "2000.06.12"]
[EventType "tourn"]
[EventRounds "5"]
[EventCountry "USA"]
[Source "Mark Crowther"]
[SourceDate "2000.06.26"]

1. d4 Nf6 2. c4 e6 3. Nc3 Bb4 4. Qc2 d6 5. Bg5 h6 6. Bh4 Nbd7 7. e3 Qe7 8. Nf3
b6 9. Be2 Bb7 10. a3 g5 11. Bg3 h5 1/2-1/2